| Tag |
First Indicator |
Second Indicator |
Subfields |
| LEADER |
00000pam a2200000 i 4500 |
| 001 |
in00000075635 |
| 005 |
20151008053653.0 |
| 008 |
750224s1975 nyuaf 00010ceng |
| 010 |
|
|
|a 74025101
|
| 020 |
|
|
|a 0385073348 :
|c $10.00
|
| 035 |
|
|
|a (OCoLC)01229540
|
| 035 |
|
|
|9 AAH8230AM
|
| 040 |
|
|
|a DLC
|c DLC
|d m.c.
|d TXA
|d UtOrBLW
|
| 049 |
|
|
|a TXAM
|c [1349941]
|
| 050 |
0 |
0 |
|a PR5841 W8
|b Z66
|
| 082 |
0 |
|
|a 828/.6/09
|a B
|
| 100 |
1 |
|
|a Detre, Jean.
|
| 245 |
1 |
2 |
|a A most extraordinary pair :
|b Mary Wollstonecraft and William Godwin /
|c by Jean Detre.
|
| 250 |
|
|
|a 1st ed.
|
| 264 |
|
1 |
|a Garden City, N.Y. :
|b Doubleday,
|c 1975.
|
| 300 |
|
|
|a 328 pages, 8 unnumbered leaves of plates :
|b illustrations ;
|c 22 cm.
|
| 336 |
|
|
|a text
|b txt
|2 rdacontent
|
| 337 |
|
|
|a unmediated
|b n
|2 rdamedia
|
| 338 |
|
|
|a volume
|b nc
|2 rdacarrier
|
| 500 |
|
|
|a ISBN 0-385-07334-8 : $10.00
|
| 600 |
1 |
0 |
|a Wollstonecraft, Mary,
|d 1759-1797
|x Last years.
|
| 600 |
1 |
0 |
|a Wollstonecraft, Mary,
|d 1759-1797
|x Death and burial.
|
| 600 |
1 |
0 |
|a Godwin, William,
|d 1756-1836
|x Relations with women
|x Mary Wollstonecraft.
|
| 650 |
|
0 |
|a Authors, English
|v Biography.
|
| 700 |
1 |
|
|a Wollstonecraft, Mary,
|d 1759-1797.
|
| 700 |
1 |
|
|a Godwin, William,
|d 1756-1836.
|
| 999 |
|
|
|a MARS
|
| 999 |
f |
f |
|s e2a0a584-4647-3a5f-a25a-55091db82fc3
|i f678f3d1-f58f-31c4-a7b9-06dbeb429564
|t 0
|
| 952 |
f |
f |
|p normal
|a Texas A&M University
|b College Station
|c Sterling C. Evans Library
|d Evans: Library Stacks
|t 0
|e PR5841 W8 Z66
|h Library of Congress classification
|i unmediated -- volume
|m A14803983694
|
| 998 |
f |
f |
|a PR5841 W8 Z66
|t 0
|l Evans: Library Stacks
|